La lluna nova / (Record no. 108032)

MARC details
000 -LEADER
campo de control de longitud fija 00746nam a2200217 i 4500
001 - NÚMERO DE CONTROL
campo de control 108032
003 - IDENTIFICADOR DE NÚMERO DE CONTROL
campo de control ES-MaACL
007 - CAMPO FIJO DE DESCRIPCIÓN FÍSICA--INFORMACIÓN GENERAL
campo de control de longitud fija t|
008 - DATOS DE LONGITUD FIJA--INFORMACIÓN GENERAL
campo de control de longitud fija 070111s1956 sp ||||1| cat d
080 ## - NÚMERO DE LA CLASIFICACIÓN DECIMAL UNIVERSAL
Número de la Clasificación Decimal Universal 891.44-14"19"
100 1# - ENTRADA PRINCIPAL--NOMBRE DE PERSONA
Nombre de persona Tagore, Rabindranath,
Fechas asociadas al nombre 1861-1941
9 (RLIN) 109071
245 13 - MENCIÓN DEL TÍTULO
Título La lluna nova /
Mención de responsabilidad, etc. Rabindranath Tagore; traducció de la versió anglesa de l'autor, per María de Quadras.
250 ## - MENCION DE EDICION
Mención de edición 1ªed.
260 ## - PUBLICACIÓN, DISTRIBUCIÓN, ETC.
Lugar de publicación, distribución, etc. Barcelona :
Nombre del editor, distribuidor, etc. Editorial Selecta,
Fecha de publicación, distribución, etc. 1956.
300 ## - DESCRIPCIÓN FÍSICA
Extensión 230p., 1 f. de lám. :
Otras características físicas il. retr. ;
Dimensiones 14 cm.
490 1# - MENCIÓN DE SERIE
Mención de serie Biblioteca selecta universal ;
Designación de volumen o secuencia 20
700 1# - ENTRADA AGREGADA--NOMBRE PERSONAL
Nombre de persona Quadras, María de.
9 (RLIN) 94477
830 0# - PUNTO DE ACCESO ADICIONAL DE SERIE-TÍTULO UNIFORME
Título uniforme Biblioteca selecta universal ;
Designación de volumen o secuencia 20
9 (RLIN) 185512
852 ## - LOCALIZACIÓN
Ubicación ES-MaACL
Número de control de estantería E-3892
Holdings
Estatus retirado Estado de pérdida Estado de daño No para préstamo Biblioteca de origen Biblioteca actual Ubicación en estantería Fecha de adquisición Fuente de adquisición Total de préstamos Signatura topográfica completa Código de barras Visto por última vez Precio de reemplazo Tipo de ítem Koha
        Biblioteca del Ateneo de Madrid Biblioteca del Ateneo de Madrid Depósito 2 17/01/2008     E-3892 1112737 23/02/2023 23/02/2023 Libro impreso